Online katalóg knižníc regiónu Turca

Scotus Viator (Record no. 22789)

MARC details
000 -LEADER
fixed length control field 03217nam a22008413 4500
001 - CONTROL NUMBER
control field 22789
003 - CONTROL NUMBER IDENTIFIER
control field SK-KTurca
005 - DATE AND TIME OF LATEST TRANSACTION
control field 20260423132617.0
008 - FIXED-LENGTH DATA ELEMENTS--GENERAL INFORMATION
fixed length control field 241106s2024 xo hoacg hn 000 0bslo d
020 ## - INTERNATIONAL STANDARD BOOK NUMBER
International Standard Book Number 9788097479206
Qualifying information (viazané)
035 ## - SYSTEM CONTROL NUMBER
System control number a000755406
040 ## - CATALOGING SOURCE
Original cataloging agency UKB
Language of cataloging slo
Modifying agency UKB
Description conventions rda
041 1# - LANGUAGE CODE
Language code of text/sound track or separate title slo
-- eng
Language code of original slo
044 ## - COUNTRY OF PUBLISHING/PRODUCING ENTITY CODE
MARC country code xo
ISO country code SK
072 #7 - SUBJECT CATEGORY CODE
Subject category code 94(437)
Subject category code subdivision Dejiny Česka a Slovenska
Source konspekt
072 #7 - SUBJECT CATEGORY CODE
Subject category code 929
Subject category code subdivision Biografie
Source konspekt
080 ## - UNIVERSAL DECIMAL CLASSIFICATION NUMBER
Universal Decimal Classification number 929
Edition identifier 2011
080 ## - UNIVERSAL DECIMAL CLASSIFICATION NUMBER
Universal Decimal Classification number 930-051
Edition identifier 2011
080 ## - UNIVERSAL DECIMAL CLASSIFICATION NUMBER
Universal Decimal Classification number 94(437.6)
Edition identifier 2011
080 ## - UNIVERSAL DECIMAL CLASSIFICATION NUMBER
Universal Decimal Classification number 94(439)
Edition identifier 2011
080 ## - UNIVERSAL DECIMAL CLASSIFICATION NUMBER
Universal Decimal Classification number 329.73
Edition identifier 2011
080 ## - UNIVERSAL DECIMAL CLASSIFICATION NUMBER
Universal Decimal Classification number 323
Edition identifier 2011
080 ## - UNIVERSAL DECIMAL CLASSIFICATION NUMBER
Universal Decimal Classification number (4)
Edition identifier 2011
080 ## - UNIVERSAL DECIMAL CLASSIFICATION NUMBER
Universal Decimal Classification number (437.6)
Edition identifier 2011
080 ## - UNIVERSAL DECIMAL CLASSIFICATION NUMBER
Universal Decimal Classification number (410)
Edition identifier 2011
080 ## - UNIVERSAL DECIMAL CLASSIFICATION NUMBER
Universal Decimal Classification number (092)
Edition identifier 2011
080 ## - UNIVERSAL DECIMAL CLASSIFICATION NUMBER
Universal Decimal Classification number 323.15
Edition identifier 2011
080 ## - UNIVERSAL DECIMAL CLASSIFICATION NUMBER
Universal Decimal Classification number 323.1
Edition identifier 2011
080 ## - UNIVERSAL DECIMAL CLASSIFICATION NUMBER
Universal Decimal Classification number 323.1:314.113
Edition identifier 2011
080 ## - UNIVERSAL DECIMAL CLASSIFICATION NUMBER
Universal Decimal Classification number (439)
Edition identifier 2011
080 ## - UNIVERSAL DECIMAL CLASSIFICATION NUMBER
Universal Decimal Classification number (082.2)
Edition identifier 2011
080 ## - UNIVERSAL DECIMAL CLASSIFICATION NUMBER
Universal Decimal Classification number (048.8)
Edition identifier 2011
080 ## - UNIVERSAL DECIMAL CLASSIFICATION NUMBER
Universal Decimal Classification number (0.027)=30
Edition identifier 2011
100 1# - MAIN ENTRY--PERSONAL NAME
Personal name Blaho, Miloslav
Relationship aut
245 10 - TITLE STATEMENT
Title Scotus Viator
Remainder of title Robert William Seton-Watson : spomienka na priateľa Slovákov
Statement of responsibility, etc. autori štúdií Miloslav Blaho, Dušan Kováč, Edita Ivaničková ; preklad štúdií Martin Hochel, Andrea Komová, Timea Perignátová, Ján Plavčan, Jana Sadovská, Anna Studeničová, Jakub Schrimpel
246 30 - VARYING FORM OF TITLE
Title proper/short title Robert William Seton-Watson
246 38 - VARYING FORM OF TITLE
Title proper/short title Robert William Seton-Watson - Scotus Viator
246 31 - VARYING FORM OF TITLE
Title proper/short title Scotus Viator
Remainder of title Robert William Seton-Watson : remembrance of a friend of Slovaks
250 ## - EDITION STATEMENT
Edition statement Prvé vydanie
264 #1 - PRODUCTION, PUBLICATION, DISTRIBUTION, MANUFACTURE, AND COPYRIGHT NOTICE
Place of production, publication, distribution, manufacture Liptovský Mikuláš
Name of producer, publisher, distributor, manufacturer Spolok Martina Rázusa v Liptovskom Mikuláši
Date of production, publication, distribution, manufacture, or copyright notice 2024
300 ## - PHYSICAL DESCRIPTION
Extent 110 strán
Other physical details ilustrácie, portréty, faksimile
336 ## - CONTENT TYPE
Content type term text
Content type code txt
Source rdacontent
337 ## - MEDIA TYPE
Media type term bez média
Media type code n
Source rdamedia
338 ## - CARRIER TYPE
Carrier type term zväzok
Carrier type code nc
Source rdacarrier
504 ## - BIBLIOGRAPHY, ETC. NOTE
Bibliography, etc. note Obsahuje bibliografie ; bibliografické odkazy
546 ## - LANGUAGE NOTE
Language note Súbežný názov a text v angličtine
600 17 - SUBJECT ADDED ENTRY--PERSONAL NAME
Personal name Seton-Watson, Robert William,
Dates associated with a name 1879-1951
Source of heading or term UKBPH
650 07 - SUBJECT ADDED ENTRY--TOPICAL TERM
Topical term or geographic name entry element národné hnutia
Geographic subdivision Európa
Chronological subdivision 19.-20. storočie
Source of heading or term UKBPH
650 07 - SUBJECT ADDED ENTRY--TOPICAL TERM
Topical term or geographic name entry element historici
Geographic subdivision Veľká Británia
Chronological subdivision 19.-20. storočie
Source of heading or term UKBPH
650 07 - SUBJECT ADDED ENTRY--TOPICAL TERM
Topical term or geographic name entry element národnostné menšiny
Geographic subdivision Maďarsko
Chronological subdivision 19. storočie
Source of heading or term UKBPH
650 07 - SUBJECT ADDED ENTRY--TOPICAL TERM
Topical term or geographic name entry element národnostná politika
Geographic subdivision Maďarsko
Chronological subdivision 19. storočie
Source of heading or term UKBPH
651 #7 - SUBJECT ADDED ENTRY--GEOGRAPHIC NAME
Geographic name Slovensko
General subdivision spoločnosť a politika
Chronological subdivision 19.-20. storočie
Source of heading or term UKBPH
651 #7 - SUBJECT ADDED ENTRY--GEOGRAPHIC NAME
Geographic name Slovensko
General subdivision dejiny
Chronological subdivision 19.-20. storočie
Source of heading or term UKBPH
651 #7 - SUBJECT ADDED ENTRY--GEOGRAPHIC NAME
Geographic name Uhorsko
General subdivision dejiny
Chronological subdivision 19.-20. storočie
Source of heading or term UKBPH
651 #7 - SUBJECT ADDED ENTRY--GEOGRAPHIC NAME
Geographic name Maďarsko
General subdivision dejiny
Chronological subdivision 19.-20. storočie
Source of heading or term UKBPH
651 #7 - SUBJECT ADDED ENTRY--GEOGRAPHIC NAME
Geographic name Maďarsko
General subdivision národnostné pomery
Chronological subdivision 19. storočie
Source of heading or term UKBPH
655 #7 - INDEX TERM--GENRE/FORM
Genre/form data or focus term štúdie
Source of term UKBPH
655 #7 - INDEX TERM--GENRE/FORM
Genre/form data or focus term jubilejné publikácie
Source of term UKBPH
655 #7 - INDEX TERM--GENRE/FORM
Genre/form data or focus term biografie
Source of term UKBPH
655 #7 - INDEX TERM--GENRE/FORM
Genre/form data or focus term dvojjazyčné vydania
Source of term UKBPH
700 1# - ADDED ENTRY--PERSONAL NAME
Personal name Kováč, Dušan,
Dates associated with a name 1942-
Relationship aut
700 1# - ADDED ENTRY--PERSONAL NAME
Personal name Ivaničková, Edita,
Dates associated with a name 1948-
Relationship aut
700 1# - ADDED ENTRY--PERSONAL NAME
Personal name Hochel, Martin
Relationship trl
700 1# - ADDED ENTRY--PERSONAL NAME
Personal name Komová, Andrea
Relationship trl
700 1# - ADDED ENTRY--PERSONAL NAME
Personal name Perignátová, Timea
Relationship trl
700 1# - ADDED ENTRY--PERSONAL NAME
Personal name Plavčan, Ján
Relationship trl
700 1# - ADDED ENTRY--PERSONAL NAME
Personal name Sadovská, Jana
Relationship trl
700 1# - ADDED ENTRY--PERSONAL NAME
Personal name Studeničová, Anna
Relationship trl
700 1# - ADDED ENTRY--PERSONAL NAME
Personal name Schrimpel, Jakub
Relationship trl
700 1# - ADDED ENTRY--PERSONAL NAME
Personal name Seton-Watson, Robert William,
Dates associated with a name 1879-1951
Relationship hnr
700 1# - ADDED ENTRY--PERSONAL NAME
Personal name Ďurík, Peter,
Dates associated with a name 1947-
Relationship bkd
942 ## - ADDED ENTRY ELEMENTS (KOHA)
Source of classification or shelving scheme Dewey Decimal Classification
Koha item type Odborná literatúra pre dospelých
Suppress in OPAC No
Holdings
Stav vyradenia Strata Poškodenie Spôsob nadobudnutia Domovská knižnica Aktuálna knižnica Dátum nadobudnutia Total checkouts Čiarový kód exemplára Date last seen Typ exemplára
      Dar Obecná knižnica Belá-Dulice Obecná knižnica Belá-Dulice 23.04.2026   4735903422 23.04.2026 Odborná literatúra pre dospelých
Projekt je podporený Slovenskou asociáciou knižníc
Prevádzkuje Turčianska knižnica Martin 2026